[Event "Como Primavera op 9th"]
[Site "Como"]
[Date "2014.03.13"]
[Round "2"]
[White "Canali, Marco"]
[Black "Puppi, Simone"]
[Result "1/2-1/2"]
[WhiteElo "1832"]
[BlackElo "1538"]
[PlyCount "86"]
[EventDate "2014.03.06"]
[EventType "swiss"]
[EventRounds "7"]
[EventCountry "ITA"]
[SourceTitle "EXT 2015"]
[Source "ChessBase"]
[SourceDate "2014.11.20"]
[SourceVersion "1"]
[SourceVersionDate "2014.11.20"]
[SourceQuality "1"]

1. e4 c5 2. Nf3 Nc6 3. c3 Nf6 4. e5 Nd5 5. d4 cxd4 6. cxd4 e6 7. Nc3 Bb4 8. Bd2 Nxc3 9. bxc3 Be7 10. Bd3 d5 11. 0-0 a6 12. Qc2 h6 13. a4 Na5 14. Rfb1 Bd7 15. Bc1 Rc8 16. Ba3 Rc7 17. Bxe7 Qxe7 18. Nd2 h5 19. Nb3 Nxb3 20. Rxb3 h4 21. Rb6 h3 22. g3 Qg5 23. f4 Qe7 24. Rab1 Bc8 25. Rd6 g5 26. f5 exf5 27. Bxf5 Bxf5 28. Qxf5 Rxc3 29. Rdb6 Rc7 30. Rxb7 Rxb7 31. Qc8+ Qd8 32. Qxb7 Rh6 33. Rf1 Qd7 34. Qa8+ Qd8 35. Qxd8+ Kxd8 36. Rxf7 Rb6 37. g4 Rb4 38. Rg7 Rxd4 39. Rxg5 Rxa4 40. e6 Ke7 41. Rxd5 Rxg4+ 42. Kh1 Kxe6 43. Ra5 Rf4 1/2-1/2

[Event "Lombardia Region-ch"]
[Site "Saronno"]
[Date "2013.05.25"]
[Round "2"]
[White "Puppi, Simone"]
[Black "Ronconi, Fausto"]
[Result "0-1"]
[WhiteElo "1559"]
[BlackElo "1674"]
[PlyCount "82"]
[EventDate "2013.05.24"]
[EventType "swiss"]
[EventRounds "5"]
[EventCountry "ITA"]
[SourceTitle "EXT 2015"]
[Source "ChessBase"]
[SourceDate "2014.11.20"]
[SourceVersion "1"]
[SourceVersionDate "2014.11.20"]
[SourceQuality "1"]

1. e4 e6 2. d4 d5 3. e5 c5 4. Bb5+ Bd7 5. Bxd7+ Nxd7 6. Nf3 cxd4 7. Qxd4 Bc5 8. Qg4 g6 9. 0-0 Qc7 10. Re1 Be7 11. Nc3 h5 12. Qa4 Qc4 13. Qxc4 dxc4 14. Nb5 Kf8 15. Bf4 a6 16. Nd6 Bxd6 17. exd6 Ngf6 18. Rad1 Nd5 19. Bg3 b5 20. a3 Rc8 21. Ne5 Nxe5 22. Bxe5 Rh7 23. h3 Ke8 24. Bh2 Kd7 25. Re4 Rc6 26. Rh4 g5 27. Rhd4 f5 28. Be5 g4 29. hxg4 hxg4 30. g3 Rc8 31. Kg2 Rc5 32. Rh1 Rxh1 33. Kxh1 Ne3 34. Bf6 Nxc2 35. Rd2 Ne1 36. Re2 Nf3 37. Bc3 Rd5 38. Bb4 Rd1+ 39. Be1 Rxe1+ 40. Rxe1 Nxe1 41. Kg1 Nd3 0-1

[Event "Villa Guardia D Oro Cup 30th"]
[Site "Villa Guardia"]
[Date "2012.11.03"]
[Round "3"]
[White "Valsecchi, Luca"]
[Black "Puppi, Simone"]
[Result "1-0"]
[WhiteElo "1823"]
[BlackElo "1551"]
[PlyCount "93"]
[EventDate "2012.11.01"]
[EventType "swiss"]
[EventRounds "6"]
[EventCountry "ITA"]
[SourceTitle "EXT 2014"]
[Source "ChessBase"]
[SourceDate "2013.11.20"]
[SourceVersion "1"]
[SourceVersionDate "2013.11.20"]
[SourceQuality "1"]

1. d4 Nf6 2. e3 d5 3. Nf3 Bg4 4. c4 c6 5. Be2 Bxf3 6. Bxf3 Nbd7 7. cxd5 cxd5 8. 0-0 e5 9. dxe5 Nxe5 10. Nc3 Nxf3+ 11. Qxf3 Bb4 12. Ne2 0-0 13. a3 Qa5 14. b3 Ne4 15. Rd1 Bd2 16. Bb2 Rac8 17. b4 Qb6 18. Ng3 Bc3 19. Bxc3 Nxc3 20. Rd2 Rc7 21. Ne2 Nxe2+ 22. Qxe2 Rd8 23. Rad1 Rc3 24. Rd3 Rxd3 25. Rxd3 Qc6 26. Qd2 Qc4 27. Rd4 Qb3 28. Qd3 Qb2 29. g3 g6 30. e4 Rc8 31. Rxd5 Rc3 32. Rd8+ Kg7 33. Qd4+ Kh6 34. e5 Qc1+ 35. Kg2 Rxa3 36. Qh4+ Kg7 37. Qf6+ Kh6 38. Rd4 Qc6+ 39. Qxc6 bxc6 40. Rd7 a5 41. Rxf7 axb4 42. e6 Ra8 43. Rb7 c5 44. f4 Re8 45. e7 Kg7 46. Rc7 Rxe7 47. Rxe7+ 1-0

[Event "Villa Guardia D Oro Cup 30th"]
[Site "Villa Guardia"]
[Date "2012.11.01"]
[Round "2"]
[White "Puppi, Simone"]
[Black "Aldeghi, Damiano"]
[Result "0-1"]
[WhiteElo "1551"]
[BlackElo "1405"]
[PlyCount "122"]
[EventDate "2012.11.01"]
[EventType "swiss"]
[EventRounds "6"]
[EventCountry "ITA"]
[SourceTitle "EXT 2014"]
[Source "ChessBase"]
[SourceDate "2013.11.20"]
[SourceVersion "1"]
[SourceVersionDate "2013.11.20"]
[SourceQuality "1"]

1. e4 e5 2. Nf3 Nc6 3. Bb5 Bd6 4. c3 a6 5. Ba4 b5 6. Bc2 Nf6 7. d4 exd4 8. cxd4 Bb4+ 9. Bd2 Qe7 10. Qe2 Bxd2+ 11. Nbxd2 Qb4 12. d5 Qxb2 13. 0-0 Nd4 14. Nxd4 Qxd4 15. Rad1 0-0 16. Nf3 Qb2 17. Qd3 d6 18. Bb3 Re8 19. Rfe1 Qa3 20. e5 dxe5 21. Rxe5 Rxe5 22. Nxe5 Qd6 23. Nc6 Bb7 24. Qf3 Re8 25. g3 Bc8 26. Qc3 Bh3 27. Re1 Rxe1+ 28. Qxe1 g6 29. Qe3 Kg7 30. Qd4 Qd7 31. f3 Qf5 32. Ne5 Qb1+ 33. Qd1 Qxd1+ 34. Bxd1 Nxd5 35. Bb3 Be6 36. Kf2 Nc3 37. Bxe6 fxe6 38. Nd3 Nxa2 39. Nc5 Kf6 40. Nxa6 c6 41. Ke2 Ke5 42. Kd2 Kd4 43. Kc2 Kc4 44. Kb2 Nb4 45. Nc7 e5 46. Ne8 Nd3+ 47. Kb1 Ne1 48. f4 e4 49. Nd6+ Kd4 50. f5 gxf5 51. Nxf5+ Ke5 52. Ne3 c5 53. Kc1 c4 54. Kd2 Nf3+ 55. Kc3 Nxh2 56. Kb4 Kd4 57. Nf5+ Kd3 58. Nd6 c3 59. Kb3 c2 60. Kb2 e3 61. Nxb5 Kd2 0-1

[Event "Como Primavera op 7th"]
[Site "Como"]
[Date "2012.05.03"]
[Round "3"]
[White "Ghelfi, Giancarlo"]
[Black "Puppi, Simone"]
[Result "1-0"]
[WhiteElo "1667"]
[BlackElo "1588"]
[PlyCount "79"]
[EventDate "2012.04.19"]
[EventType "swiss"]
[EventRounds "7"]
[EventCountry "ITA"]
[SourceTitle "EXT 2024"]
[Source "ChessBase"]
[SourceDate "2023.10.10"]
[SourceVersion "1"]
[SourceVersionDate "2023.10.10"]
[SourceQuality "1"]

1. e4 c5 2. Nf3 Nc6 3. d4 cxd4 4. Nxd4 d6 5. Nc3 g6 6. Be3 Bg7 7. f3 Qb6 8. Bb5 Bd7 9. Bxc6 bxc6 10. Rb1 c5 11. Nde2 Nf6 12. Qd2 0-0 13. 0-0 Rab8 14. Rfd1 Rb7 15. Kh1 Rfb8 16. Bg5 Be6 17. Nf4 Qa5 18. Nxe6 fxe6 19. b3 Ne8 20. Na4 Qc7 21. Bf4 Qd7 22. Nxc5 Qb5 23. Nxb7 Rxb7 24. a4 Qh5 25. Qe2 Nf6 26. Qc4 Kf7 27. Rd3 Qh4 28. Bg3 Qg5 29. Rbd1 Nh5 30. f4 Nxf4 31. Bxf4 Qxf4 32. Rf3 Qxf3 33. gxf3 Be5 34. Rf1 g5 35. Rg1 Kf6 36. Qc8 Rb4 37. Qf8+ Kg6 38. Qg8+ Bg7 39. Qxe6+ Kh5 40. Qg4+ 1-0

[Event "Ceriano Laghetto op-C 21st"]
[Site "Ceriano Laghetto"]
[Date "2012.03.??"]
[Round "3"]
[White "Puppi, Simone"]
[Black "Nipote, Mario"]
[Result "1-0"]
[WhiteElo "1588"]
[BlackElo "1504"]
[PlyCount "85"]
[EventDate "2012.03.24"]
[EventType "swiss"]
[EventRounds "5"]
[EventCountry "ITA"]
[SourceTitle "EXT 2024"]
[Source "ChessBase"]
[SourceDate "2023.10.10"]
[SourceVersion "1"]
[SourceVersionDate "2023.10.10"]
[SourceQuality "1"]

1. e4 c6 2. d4 d5 3. exd5 cxd5 4. Nf3 Nc6 5. c4 e6 6. cxd5 exd5 7. Bb5 a6 8. Ba4 Bd7 9. 0-0 Nf6 10. Re1+ Be7 11. Qe2 b5 12. Bb3 0-0 13. Nc3 Bg4 14. Be3 Re8 15. a3 Bf8 16. h3 Bh5 17. Qd1 Na5 18. Bc2 Nc4 19. Rb1 Nxe3 20. Rxe3 Rc8 21. Qd2 Rc7 22. Rbe1 Rce7 23. Ne5 Qc7 24. Qd3 Bg6 25. Qe2 Bxc2 26. Qxc2 Re6 27. Qf5 h6 28. Qf3 Bd6 29. Nxd5 Nxd5 30. Qxd5 Qd8 31. Kf1 Kf8 32. Nxf7 Kxf7 33. Rxe6 Rxe6 34. Rxe6 Be7 35. Qxd8 Bxd8 36. Rxa6 Bf6 37. Rxf6+ Kxf6 38. Ke2 Ke6 39. Kd3 Kd5 40. b3 g5 41. a4 Kc6 42. axb5+ Kxb5 43. Ke4 1-0

[Event "Como Province-ch"]
[Site "Como"]
[Date "2012.01.22"]
[Round "3"]
[White "Rossi, Giampiero"]
[Black "Puppi, Simone"]
[Result "1-0"]
[WhiteElo "1913"]
[BlackElo "1648"]
[PlyCount "117"]
[EventDate "2012.01.21"]
[EventType "swiss"]
[EventRounds "6"]
[EventCountry "ITA"]
[SourceTitle "EXT 2024"]
[Source "ChessBase"]
[SourceDate "2023.10.10"]
[SourceVersion "1"]
[SourceVersionDate "2023.10.10"]
[SourceQuality "1"]

1. d4 d5 2. c4 Nf6 3. cxd5 Nxd5 4. g3 e6 5. Bg2 c5 6. dxc5 Bxc5 7. e4 Nb4 8. Nh3 Qxd1+ 9. Kxd1 Bd4 10. Nc3 0-0 11. a3 Rd8 12. axb4 Bxc3+ 13. Kc2 Bxb4 14. Be3 a5 15. Rhd1 Bd7 16. e5 Nc6 17. Bb6 Nxe5 18. Bxd8 Rxd8 19. Bxb7 Kf8 20. f4 Rb8 21. Ba6 Ba4+ 22. Rxa4 Nf3 23. Nf2 Nxh2 24. Nd3 Rb6 25. Nxb4 axb4 26. b3 Ng4 27. Rd4 Ne3+ 28. Kd3 Nd5 29. Bc4 Nf6 30. Ra8+ Ke7 31. Rdd8 Nh5 32. Rab8 Rc6 33. Re8+ Kf6 34. Rxb4 Nxg3 35. Rb7 Nf5 36. Rd8 h5 37. Rbd7 h4 38. Rh8 Nh6 39. Rxh6+ gxh6 40. Ke4 Rc5 41. Rd3 Rh5 42. Rh3 Ke7 43. Be2 Rd5 44. Rxh4 Kd6 45. Bc4 f5+ 46. Ke3 Rd1 47. Rxh6 Re1+ 48. Kf2 Re4 49. Rxe6+ Rxe6 50. Bxe6 Kxe6 51. Ke3 Kd5 52. Kd3 Kc5 53. Kc3 Kd5 54. b4 Kc6 55. Kc4 Kb6 56. Kd4 Kb5 57. Ke5 Kxb4 58. Kxf5 Kc5 59. Ke6 1-0

[Event "Como Province-ch"]
[Site "Como"]
[Date "2012.01.21"]
[Round "1"]
[White "Villa, Giorgio"]
[Black "Puppi, Simone"]
[Result "1-0"]
[WhiteElo "1938"]
[BlackElo "1648"]
[PlyCount "71"]
[EventDate "2012.01.21"]
[EventType "swiss"]
[EventRounds "6"]
[EventCountry "ITA"]
[SourceTitle "EXT 2024"]
[Source "ChessBase"]
[SourceDate "2023.10.10"]
[SourceVersion "1"]
[SourceVersionDate "2023.10.10"]
[SourceQuality "1"]

1. d4 d5 2. Nf3 e6 3. c4 c6 4. e3 Nf6 5. Bd3 Be7 6. 0-0 0-0 7. Nc3 b6 8. e4 dxe4 9. Nxe4 Nxe4 10. Bxe4 Nd7 11. Bxc6 Rb8 12. Bf4 Rb7 13. Bxb7 Bxb7 14. Re1 Nf6 15. Qd3 Bxf3 16. gxf3 Nh5 17. Qe4 Bd6 18. Bxd6 Qxd6 19. Qe5 Qxe5 20. Rxe5 Nf4 21. Rd1 Rd8 22. Re4 g5 23. Re3 Kg7 24. Kf1 Kf6 25. Rc3 h5 26. Rcc1 g4 27. fxg4 hxg4 28. c5 bxc5 29. dxc5 Rh8 30. Rc4 Kf5 31. c6 Rxh2 32. Rxf4+ Kxf4 33. c7 g3 34. fxg3+ Kf3 35. Rd3+ Ke4 36. Rc3 1-0

[Event "Como op"]
[Site "Como"]
[Date "2007.05.25"]
[Round "7"]
[White "Puppi, Simone"]
[Black "Lipari, Alberto"]
[Result "0-1"]
[WhiteElo "1440"]
[BlackElo "1464"]
[PlyCount "64"]
[EventDate "2007.04.13"]
[EventType "swiss"]
[EventRounds "7"]
[EventCountry "ITA"]
[SourceTitle "EXT 2010"]
[Source "ChessBase"]
[SourceDate "2010.11.25"]
[SourceVersion "1"]
[SourceVersionDate "2010.11.25"]
[SourceQuality "1"]

1. e4 c5 2. Nf3 d6 3. Bb5+ Bd7 4. Nc3 Bxb5 5. Nxb5 a6 6. Nc3 g6 7. d4 cxd4 8. Qxd4 f6 9. 0-0 Nc6 10. Qc4 Ne5 11. Nxe5 fxe5 12. Bg5 h6 13. Be3 Nf6 14. f4 Ng4 15. Bd2 Rc8 16. Qe6 Nf6 17. fxe5 Qb6+ 18. Kh1 Nd7 19. Qxg6+ Kd8 20. exd6 exd6 21. b3 Ne5 22. Qf6+ Kd7 23. Qxh8 Be7 24. Qxh6 Ng4 25. Qh3 Rg8 26. Nd5 Qd4 27. Nxe7 Kxe7 28. Qh7+ Rg7 29. Qh5 Ke6 30. Bg5 Rxg5 31. Qxg5 Nf2+ 32. Rxf2 Qxa1+ 0-1

[Event "Como op"]
[Site "Como"]
[Date "2007.05.18"]
[Round "6"]
[White "Ostini, Michele"]
[Black "Puppi, Simone"]
[Result "1-0"]
[WhiteElo "1482"]
[BlackElo "1440"]
[PlyCount "49"]
[EventDate "2007.04.13"]
[EventType "swiss"]
[EventRounds "7"]
[EventCountry "ITA"]
[SourceTitle "EXT 2010"]
[Source "ChessBase"]
[SourceDate "2010.11.25"]
[SourceVersion "1"]
[SourceVersionDate "2010.11.25"]
[SourceQuality "1"]

1. d4 d5 2. c4 Nf6 3. Nc3 c6 4. Nf3 g6 5. e3 Bg7 6. Bd3 0-0 7. 0-0 b6 8. Re1 Re8 9. Qc2 e6 10. a3 Ba6 11. b3 c5 12. Bb2 cxd4 13. exd4 Bb7 14. Rac1 dxc4 15. bxc4 Bxf3 16. gxf3 Qxd4 17. Nd5 Qc5 18. Nxf6+ Bxf6 19. Bxf6 Qxa3 20. Be4 Nd7 21. Bb2 Qc5 22. Bxa8 Rxa8 23. Qc3 Qg5+ 24. Kh1 Qh6 25. Qh8# 1-0

[Event "Como op"]
[Site "Como"]
[Date "2007.04.13"]
[Round "1"]
[White "Puppi, Simone"]
[Black "Luppi, Dario"]
[Result "0-1"]
[WhiteElo "1440"]
[BlackElo "1718"]
[PlyCount "54"]
[EventDate "2007.04.13"]
[EventType "swiss"]
[EventRounds "7"]
[EventCountry "ITA"]
[SourceTitle "EXT 2010"]
[Source "ChessBase"]
[SourceDate "2010.11.25"]
[SourceVersion "1"]
[SourceVersionDate "2010.11.25"]
[SourceQuality "1"]

1. e4 e6 2. d4 d5 3. Nc3 Nf6 4. e5 Nfd7 5. Nf3 c5 6. Be3 Nc6 7. Bb5 a6 8. Bxc6 bxc6 9. Ne2 cxd4 10. Nexd4 c5 11. Ne2 Qc7 12. Bf4 a5 13. 0-0 Ba6 14. Re1 Be7 15. Qd2 h6 16. h3 g5 17. Bh2 Qd8 18. Ng3 h5 19. Qe3 g4 20. hxg4 hxg4 21. Nd2 Bg5 22. f4 gxf3 23. Qxf3 Bxd2 24. Nh5 Qh4 25. Nf6+ Nxf6 26. exf6 Bxe1 27. Rxe1 Qxe1+ 0-1